| 000 | 00439nam a22001337a 4500 | ||
|---|---|---|---|
| 003 | ASAB | ||
| 005 | 20180827062619.0 | ||
| 008 | 160217t xxu||||| |||| 00| 0 eng d | ||
| 040 | _cASAB | ||
| 100 |
_aMuneeb Haider Aftab-sup-Dr. Hussnain A. Janjua _91558 |
||
| 245 | _aTh-Mphil-synthesis and characterization of silver nanoparticles synthesized from methanolic extracts of freshwater algal species | ||
| 300 | _a64 p. : | ||
| 942 |
_2ddc _cBK |
||
| 999 |
_c480010 _d480010 |
||